00418nam a2200133Ia 4500008004100000100001800041245006800059245001800127260003900145260000900184650001800193650001500211856005800226170221s9999 xx 000 0 und d aGuo Jing-ying a“Your Secrets Are Safe with me”: Opening Prison Counseling  cGuo Jing-ying bStudies in Media and Communication c2016 xCommunication xMedia Arts uhttp://redfame.com/journal/index.php/smc/issue/view/3